INTERACCION Y CONOCIMIENTO/

CONTENIDO: V.1 DISCURSO, LENGUAJE Y PROCESOS COGNITIVOS.-- V.2 SUJETOS, REFERENCIA Y REFLEXION

Salvato in:
Dettagli Bibliografici
Autore principale: Cencillo, Luis (autor)
Natura: Libro
Soggetti:
Tags: Aggiungi Tag
Nessun Tag, puoi essere il primo ad aggiungerne!!

MARC

LEADER 00000nam^a2200000^a^4500
001 000216143
005 20250521000000.0
009 20260310103644.217
020 |a 84-86368-11-1 
035 |a 036434 
037 |a Acervo Xavier Clavigero 
082 |a 112.  |b CEN 
100 |a Cencillo, Luis  |e (autor) 
245 1 0 |a INTERACCION Y CONOCIMIENTO/  |c LUIS CENCILLO 
264 |a SALAMANCA :  |b AMARU,  |c 1988 
300 |a 2V. 
336 |a texto  |b txt  |2 rdacontenido 
337 |a sin mediación  |b n  |2 rdamedio 
338 |a volumen  |b nc  |2 rdasoporte 
520 |a CONTENIDO: V.1 DISCURSO, LENGUAJE Y PROCESOS COGNITIVOS.-- V.2 SUJETOS, REFERENCIA Y REFLEXION 
649 |a XX 
650 |a Epistemología 
910 |a Fondo General 
920 |a Impresos - Libros 
930 |a Colección General 
905 |a 101 
901 |a 036433  |b IT1  |c ACC  |i 036433  |u 20250521 
902 |a https://opac.biblio.iteso.mx/vufind/Record/000216143